Click to Translate - Aleut - Statistics

General Stats
  • This quiz has been taken 9 times
  • The average score is 5 of 12
Answer Stats
Hint Answer % Correct
Person anĝaĝinax̂
63%
Hungry haagil
63%
I, Me ting
63%
Copper kanuuyax̂
50%
Heal hamayal
38%
When qanaayam
38%
Winter qan'gix̂
38%
Water taangax̂
38%
House ulax̂
38%
Arm chuyux̂
25%
Dog sabaakax̂
25%
Swan qukingix̂
13%
No matching quizzes found
Score Distribution
Percent of People with Each Score
Percentile by Number Answered
Your Score History
You have not taken this quiz